000 00412nam a2200145Ia 4500
008 231129s1995||||xx |||||||||||||| ||spa||
020 _a84-86424-61-5 (Obra
040 _bspa
082 _aR 155.4 B582p
100 _aBiblioteca práctica para padres y educadores
245 0 _aPedagogí­a y Psicologí­a infantil
260 _c1995
264 _aCultural
942 _2ddc
_cBKS
999 _c22523
_d22523